| 000 | 00465nam a2200169Ia 4500 | ||
|---|---|---|---|
| 008 | 230917s9999||||xx |||||||||||||| ||und|| | ||
| 020 | _cUSD140 | ||
| 040 |
_e256174 _aMAIN |
||
| 041 | _aEnglish | ||
| 082 | _a338.4791 M914C | ||
| 100 | _aMuller, Johanna, ed. | ||
| 245 | 0 | _aCultural tourism: Global perspectives | |
| 260 |
_aNew York _bWillford Press _c2018 |
||
| 300 | _avi, 185 p. | ||
| 500 | _a3504 15/07/2019 RBP19/76171 26/07/2019 IHTM (SFS) | ||
| 942 | _cBK | ||
| 999 |
_c31635 _d31635 |
||